Statistics for Islands Larger than 25,000 km2 World Map Quiz

Click here to take the quiz!

General Stats

  • This quiz has been taken 281 times
  • The average score is 34 of 45

Answers on the Map

Answers color-coded by a green-red scale on the quiz's map according to % correct below.
 

Answer Stats

Answer% Correct
Australia
99%
Afro-Eurasia
97%
Greenland
97%
(the) Americas
97%
Madagascar
96%
New Guinea
93%
Ireland
92%
Cuba
91%
Great Britain
91%
Iceland
91%
Borneo
90%
Hispaniola
90%
Sri Lanka
90%
North
89%
South
89%
Tasmania
89%
Java
87%
Newfoundland
87%
Sumatra
86%
Tierra del Fuego
85%
Hokkaido
84%
Baffin
83%
Honshu
82%
Sulawesi
82%
Luzon
80%
Taiwan
80%
Kyushu
77%
Sakhalin
77%
Mindanao
76%
Sicily
73%
Vancouver
73%
Hainan
72%
Timor
72%
Marajo
66%
Ellesmere
59%
New Britain
57%
Yuzhny
57%
Banks
52%
Severny
51%
Victoria
51%
Prince of Wales
36%
Devon
34%
Axel Heiberg
32%
Southampton
28%
Melville
26%

Score Distribution

Percentile by Number Answered

Percent of People with Each Score

Your Score History

You have not taken this quiz